| 000 | 00487nam a22001937a 4500 | ||
|---|---|---|---|
| 003 | MPLRDC | ||
| 005 | 20220104162144.0 | ||
| 008 | 210129b ||||| |||| 00| 0 eng d | ||
| 020 | _a962-277-160-4 | ||
| 082 | _a859.6 LSP v.1 | ||
| 100 | _a杜素 编 | ||
| 245 |
_a朋友就是朋友 _c |
||
| 250 | _a一版一刷 | ||
| 260 |
_a香港 _b万里机构。万里书店 _c2007 |
||
| 300 | _b128 | ||
| 490 | _a60篇感人小故事 | ||
| 650 | _a儿童文学 | ||
| 942 |
_cBK _o859.6 LSP v.1 |
||
| 999 |
_c55836 _d55826 |
||